000 00642nam a22001937a 4500
999 _c62278
_d62278
005 20240912172912.0
008 240912s2020 enk||||| |||| 00| 0 eng d
020 _a9781138579668x
041 _aeng
080 _a351+32 H-75
100 _aHolzer, Marc
_923209
245 _aPublic Administration:
_bAn Introduction /
_cMarc Holzer, Richard W. Schwester.
264 _aNew York :
_bRoutledge,
_c2020.
300 _a438 p.:
_bill.;
_c25 cm.
653 _aსაჯარო ადმინისტრირება
653 _aპოლიტიკა
700 _aSchwester, W. Richard
_eავტორი
_923210
942 _2udc
_cBK